El blindaje líquido / (Record no. 139028)
[ view plain ]
| 000 -LEADER | |
|---|---|
| campo de control de longitud fija | 00627nam a2200193 i 4500 |
| 001 - NÚMERO DE CONTROL | |
| campo de control | 139028 |
| 003 - IDENTIFICADOR DE NÚMERO DE CONTROL | |
| campo de control | ES-MaACL |
| 005 - FECHA Y HORA DE LA ÚLTIMA TRANSACCIÓN | |
| campo de control | 20230906195705.0 |
| 007 - CAMPO FIJO DE DESCRIPCIÓN FÍSICA--INFORMACIÓN GENERAL | |
| campo de control de longitud fija | t| |
| 008 - DATOS DE LONGITUD FIJA--INFORMACIÓN GENERAL | |
| campo de control de longitud fija | 070214s1920 sp |||| | spa d |
| 100 1# - ENTRADA PRINCIPAL--NOMBRE DE PERSONA | |
| Nombre de persona | Saralegui y Medina, Manuel de. |
| 9 (RLIN) | 103752 |
| 245 13 - MENCIÓN DEL TÍTULO | |
| Título | El blindaje líquido / |
| Mención de responsabilidad, etc. | Manuel de Saralegui y Medina. |
| 260 ## - PUBLICACIÓN, DISTRIBUCIÓN, ETC. | |
| Lugar de publicación, distribución, etc. | Madrid : |
| Nombre del editor, distribuidor, etc. | [s.n.], |
| Fecha de publicación, distribución, etc. | 1920 ( |
| Fabricante | Imp. de los Hijos de M.G. Hernández) |
| 490 1# - MENCIÓN DE SERIE | |
| Mención de serie | Menudencias históricas ; |
| Designación de volumen o secuencia | 7 |
| 651 #4 - PUNTO DE ACCESO ADICIONAL DE MATERIA--NOMBRE GEOGRÁFICO | |
| Nombre geográfico | España- |
| Subdivisión general | Historia naval- |
| Subdivisión cronológica | S.XIX. |
| 9 (RLIN) | 143044 |
| 830 1# - PUNTO DE ACCESO ADICIONAL DE SERIE-TÍTULO UNIFORME | |
| Título uniforme | Menudencias históricas ; |
| Designación de volumen o secuencia | 7 |
| 9 (RLIN) | 187112 |
| 852 ## - LOCALIZACIÓN | |
| Ubicación | ES-MaACL |
| Número de control de estantería | 1598-F-7 |
| Estatus retirado | Estado de pérdida | Estado de daño | No para préstamo | Colección | Biblioteca de origen | Biblioteca actual | Ubicación en estantería | Fecha de adquisición | Fuente de adquisición | Total de préstamos | Signatura topográfica completa | Código de barras | Visto por última vez | Precio de reemplazo | Tipo de ítem Koha |
|---|---|---|---|---|---|---|---|---|---|---|---|---|---|---|---|
| Colección de folletos | Biblioteca del Ateneo de Madrid | Biblioteca del Ateneo de Madrid | Depósito folletos | 17/01/2008 | 1598-F-7 | 1144679 | 23/02/2023 | 23/02/2023 | Folleto |
